1842 1212 1354 1594 1161 1546 1536 1578 1236 1802 1377 1013 1921 1252 1200 1007 1999 1864 1453 1974 1276 1763 1919 1968 1242 1780 1798 1211 1915 1328 1958 1157 1556 1308 1479 1623 1801 1568 1726 1875 1303 1588 1447 1819 1263 1478 1483 1176 1657 1047 1766 1891 1055 1286 1994 1750 1815 1398 1135 1624 1364 1619 1737 1887 1279 1528 1604 1611 1878 1440 1057 1167 1526 1133 1783 1060 1858 1995 1474 1988 1814 1798 1935 1076 1305 1682 1706 1233 1415 1893 1123 1344 1632 1575 1219 1859 1077 1450 1064 BCNSPRNW ULIB Ver.6.0+V

เปลี่ยนเป็นภาษาไทย

Change to English
 แสดงรายละเอียดบรรณานุกรม
  กลับหน้าหลัก

Brief Record : Get Marc (ISO 2709) : E-mail record : QR code < ปิดหน้าต่าง
LEADER : 00000nam 2200000uu 4500
001    13399115063
003     ULIB
008    120706s2550||||th 000 0 tha d
020    ^a9789744729644
090    ^aนว.^bร930ฮ ล.4 2550
100 0  ^aโรว์ลิ่ง, เจ.เค.
245 00 ^aแฮร์รี่ พอตเตอร์ กับถ้วยอัคนี เล่ม4/^cโรว์ลิ่ง, เจ.เค.
250    ^aพิมพ์ครั้งที่ 18
260    ^aกรุงเทพฯ :^bนานมีบุ๊คส์,^c2550
300    ^a832 หน้า
710 1  ^aนานมีบุ๊คส์
945    ^p0^l0^i14052
995    ^aกัณชพร
999    ^aใช้งานได้ทุกระบบ
รายการนี้ยังไม่มีแท็ก
คุณยังไม่ได้ล็อกอิน คุณสามารถมีกิจกรรมร่วมกับเว็บไซต์ได้ แต่ต้องล็อกอินก่อน ::
  ล็อกอิน

รายการสื่อสารสนเทศ

ลำดับที่ ประเภท เลขเรียก/บาร์โค้ด สถานที่ สถานะ
1. นวนิยาย
นวนิยาย
นว. ร930ฮ ล.4 2550  
  Barcode: 14052
ห้องสมุดวิทยาเขตสวรรค์ประชารักษ์
►นวนิยาย
บนชั้น
  ขอยืม

รายการใกล้เคียง
    ผู้แต่ง [โรว์ลิ่ง, เจ.เค.]

BibComment


ยังไม่เคยถูกคอมเมนท์

คอมเมนท์ทรัพยากรรายการนี้
  คอมเมนท์: แฮร์รี่ พอตเตอร์..


 Copyright 2026. Bcnsprnw @Library